00241nam a22000977a 4500008004100000020001800041050002900059100002200088245002200110300001100132240517b |||||||| |||| 00| 0 eng d a9789966460073 aAFR PR 9381.9.N45G7 2018 aNgugi wa Thiong'o aA grain of wheat/ a233 p.